| 000 | 00772cab a22002175a 4500 | ||
|---|---|---|---|
| 001 | L152691 | ||
| 008 | 110412e20110409xxk 000 0 eng d | ||
| 035 | _a(Sirsi) u152691 | ||
| 041 | 0 | _aeng | |
| 100 | 1 | _aAldous, Simon | |
| 245 | 0 | 0 | _aCharitable values |
| 260 | _c2011 | ||
| 490 |
_aEstates Gazette _v(1114) 9 April 2011, 90-91(2) |
||
| 520 | _aThis Mainly for students looks at section 36 valuations which are required by charities wishing to purchase or sell property which exceed a term of seven years. | ||
| 590 | _aKA | ||
| 650 | 2 | 4 | _aCHARITIES (QUALIFIED SURVEYORS' REPORTS) REGULATIONS 1992 |
| 650 | 2 | 4 | _aRICS VALUATION STANDARDS 7TH EDITION MAY 2011 |
| 651 | 4 | _aUNITED KINGDOM | |
| 690 | _aPROPERTY-ACQUISITION AND DISPOSAL OF PROPERTY | ||
| 942 | _n0 | ||
| 999 |
_c83063 _d83063 |
||